01450nam a2200349Ia 4500001001200000003000800012006001900020007001500039008004100054010001700095020003600112020003500148020001800183040002100201035002100222050002400243245015800267260005700425300001600482504004100498533015200539650004200691650004500733650005400778655002900832700002500861700002800886700002600914710001700940856012600957999001701083ebr10285596CaPaEBRm u cr cn|||||||||000629s2001 pau sb 000 0 eng d z 00057726  z1566397979 (cloth : alk. paper) z1566397987 (pbk. : alk. paper) z9781566397971 aCaPaEBRcCaPaEBR a(OCoLC)32062402014aHD4854b.C75 2001eb04aThe critical study of workh[electronic resource] :blabor, technology, and global production /cedited by Rick Baldoz, Charles Koeber, and Philip Kraft. aPhiladelphia, PA :bTemple University Press,cc2001. avii, 285 p. aIncludes bibliographical references. aElectronic reproduction.bPalo Alto, Calif. :cebrary,d2009.nAvailable via World Wide Web.nAccess may be limited to ebrary affiliated libraries. 0aWorking classxHistoryy20th century. 0aWork environmentxHistoryy20th century. 0aTechnological innovationsxHistoryy20th century. 7aElectronic books.2local1 aBaldoz, Rick,d1969-1 aKoeber, Charles,d1967-1 aKraft, Philip,d1944-2 aebrary, Inc.40uhttp://site.ebrary.com/lib/rucke/Doc?id=10285596zAn electronic book accessible through the World Wide Web; click to view c16978d16978